| 000 | 00646nam 22001933 4500 | ||
|---|---|---|---|
| 001 | 198998 | ||
| 010 | _a9798346219293 | ||
| 090 | _a198998 | ||
| 100 | _a20251112d u||y0pory50 ba | ||
| 200 |
_aEnciclopédia da Tribo da mudança _eHistórias para pensar e trabalhar a sustentabilidade _fAgostinha Pópulo...[et. al.] _gilustrações por Márcia Vieira Ávila |
||
| 210 |
_a[S.l.] _cSusana Machado _d2024 |
||
| 215 |
_a112 p. _cil. ; brochado |
||
| 606 |
_951 _aLiteratura Juvenil Portuguesa |
||
| 610 | _aCarlos Palmito | ||
| 610 | _aMárcia Vieira Ávila | ||
| 675 |
_a821.134.3-93 _vPT _zpor |
||
| 801 |
_aPT _bBMMN _gRPC |
||
| 830 | _cIsabel | ||
| 990 | _cLIVROS | ||